Anuario de Derecho Público 2014

সংরক্ষণ করুন:
গ্রন্থ-পঞ্জীর বিবরন
সংস্থা লেখক: Universidad Diego Portales (Author)
বিন্যাস: গ্রন্থ
ভাষা:স্প্যানিশ
প্রকাশিত: Santiago Ediciones Universidad Diego Portales 2014
সংস্করন:1a. ed
বিষয়গুলি:
অনলাইন ব্যবহার করুন:Disponible Online - Desde Derecho UDP
ট্যাগগুলো: ট্যাগ যুক্ত করুন
কোনো ট্যাগ নেই, প্রথমজন হিসাবে ট্যাগ করুন!

MARC

LEADER 00000cam a2200000 a 4500
001 UCE5228
003 CL-VaPUC
005 20250414143914.0
008 141211e20140800cl |||||||||||||||||spa|d
999 |c 357990  |d 357988 
020 |a 9789563142914 
040 |c Pontificia Universidad Católica de Valparaíso 
082 0 4 |a 342.83066 UNI 2014  |b UNI  |2 21 
110 2 |a Universidad Diego Portales  |e author  |9 577758 
245 1 0 |a Anuario de Derecho Público 2014 
250 |a 1a. ed 
260 |a Santiago  |b Ediciones Universidad Diego Portales  |c 2014 
300 |a 679 p 
505 |a SECCIÓN DERECHO CONSTITUCIONAL DEBATE SOBRE JUSTICIABILIDAD DE LOS DERECHOS ECONÓMICOS, SOCIALES Y CULTURALES De los derechos sociales de prestación al gobierno aristocrático: Una discusión sobre el concepto de derechos sociales y su exigibilidad ante los tribunales / Eduardo Aldunate Constitucionalización de los derechos sociales: Lecciones desde el Reino Unido / Guillermo Jiménez Los derechos económicos, sociales y culturales en la Constitución chilena vigente / Humberto Nogueira OTROS DESARROLLOS RELEVANTES EN EL DERECHO CONSTITUCIONAL Nueva constitución y asamblea constituyente: La experiencia de “Marca Tu Voto” / Alberto Coddou y Pablo Contreras Nombramientos y promociones judiciales: ¿Es realmente la política el problema? / Juan Enrique Vargas La regulación del lobby. Aciertos y desaciertos de la Ley 20.730 / Juan Andrés González Tugas y José Ignacio Martínez Estay Terrorismo y Constitución de 1980, con especial referencia a la aplicación de la Ley Antiterrorista en el marco del conflicto del Estado con el pueblo mapuche / Federico Aguirre y Rodrigo Bustos Comentario en torno a la sentencia en causa Rol 2.081-11, sobre requerimiento de inconstitucionalidad del artículo 206 del Código Civil, del 21 de marzo de 2013 / Francisco Zúñiga El igual derecho constitucional de ingreso al país de los extranjeros: Comentario a la sentencia Rol 2.273 del Tribunal Constitucional / Tomás Vial Tradiciones de libertad de expresión tras el concepto de pluralismo en la sentencia del Tribunal Constitucional sobre televisión digital / Tamara Carrera Briceño SECCIÓN DERECHO ADMINISTRATIVO El nuevo paradigma de jurisdicción administrativa pluriforme e hiperespecializada: Crónica de una espera, como la de Godot / Alejandro Vergara Blanco Las cortes y los conflictos socio ambientales: ¿Quo vadis poder judicial? / Francisca Reyes La consulta indígena en el procedimiento de calificación ambiental: Desarrollo reglamentario y configuración judicial / Manuel Antonio Núñez Precaución y recurso de protección. Sobre los alcances de la sentencia de la Corte Suprema en el caso “Construcción Tranque el Mauro” y su relación con el sistema de impugnación de decisiones ambientales / Luis Cordero Principales desafíos de la Superintendencia del Medio Ambiente a un año de su entrada en funcionamiento / Paloma Infante Punta Alcalde: El riesgo de extender los límites / Ximena Insunza Las Concesiones Turísticas en las Áreas Protegidas: Un instrumento a considerar, bajo ciertas condiciones / Marie Claude Plumer “Huida” ilegal del derecho administrativo: Las fundaciones de la Presidencia de la República y la Ley de Transparencia / Pablo Soto Delgado SECCIÓN DERECHO INTERNACIONAL EL FALLO DE LA HAYA EN EL CASO PERÚ CONTRA CHILE DESDE PERSPECTIVAS NACIONALES DIFERENTES Una buena noticia para todos: Perú y Chile ante la Corte Internacional de Justicia / Elizabeth Salmón Comentario a la sentencia de la Corte Internacional de Justicia en el caso Perú contra Chile / Ximena Fuentes OTROS DESARROLLOS RELEVANTES EN EL DERECHO INTERNACIONAL El conflicto armado en Siria a la luz del derecho internacional / Eugenia López-Jacoiste y Christina Binder El derecho internacional y su diálogo circular con la política doméstica e internacional: Antes, durante y después del fallo sobre la Controversia territorial y marítima Nicaragua contra Colombia de 2012 de la Corte Internacional de Justicia / Fabián Augusto Cárdenas Castañeda El Examen Periódico Universal: ¿Un instrumento de rendición de cuentas y diálogo? / Lidia Casas Reseña de la jurisprudencia de la Gran Sala del Tribunal Europeo de Derechos Humanos durante 2013 / María Ignacia Macari, Cristóbal Rojas, Adrián Vergara y Judith Schönsteiner 
583 |a last modification  |c 20141211 14:14:00  |k Rodrigo Vera 
650 0 |a Derecho público chileno  |9 490549 
650 0 |a Derecho administrativo  |9 254851 
650 0 |a Procedimiento administrativo  |9 256132 
650 0 |a Jurisprudencia  |9 255952 
856 |u https://derecho.udp.cl/cms/wp-content/uploads/2020/06/Anuario-Derecho-Publico-2014.pdf  |y Disponible Online - Desde Derecho UDP 
942 |c BK  |2 ddc 
945 |d 20141211 14:14:00  |a arojas 
952 |0 0  |1 0  |3 erb  |4 0  |6 342_830660000000000_UNI_2014  |7 0  |8 A  |9 466194  |a BIBDER  |b BIBDER  |i 512977K  |o 342.83066 UNI 2014  |p 512977K  |r 2023-01-25  |w 2019-11-23  |y BK  |z Catalogado en:20141211  |k DER